000 01261nam a2200253Ia 4500
003 Ost
005 20260507075654.0
008 260507s9999||||xx |||||||||||||| ||und||
020 _a9957320513
040 _cfsecg
041 _aara
082 _a658.8
100 _aالصميدعي، محمود جاسم محمد
_eمؤلف
245 0 _aاستراتيجيات التسويق :
_bمدخل"كمي وتحليلي" /
_c محمود جاسم محمد الصميدعي
250 _aطبعة 2
260 _aعمان:
_bدار الحامد للنشر والتوزيع,
_c2004
300 _a333 صفحة؛
_bإيضاحات ؛
_c24 سم
504 _aالمراجع ص.329
520 _aالتخطيط الاستراتيجي للتسويق، التحليل البيئي، الخيارات الاستراتيجية للمنظمة، استراتيجيات السوق المستهدف، استراتيجيات المنتجات، استراتيجيات الأسعار، استراتيجيات الترويج، استراتيجيات التسويق الدولي، الرقابة الاستراتيجية التسويقية.
653 _aادارة المبيعات
653 _aالتسويق
653 _aالرقابة المالية
942 _cكتاب
999 _c45673
_d45673